[Event "4NCL 2009-10"]
[Site "Sunningdale ENG"]
[Date "2010.01.17"]
[Round "4"]
[White "Churm,R"]
[Black "Dickinson,T"]
[Result "1/2-1/2"]
[WhiteElo "2167"]
[BlackElo "2151"]
[EventDate "2009.10.24"]

1. e4 c6 2. Nc3 d5 3. Nf3 Bg4 4. h3 Bxf3 5. Qxf3 e6 6. Be2 Nf6 7. O-O Be7
8. d3 O-O 9. Bd1 c5 10. Qe2 Nc6 11. Nb1 dxe4 12. dxe4 Qd4 13. Nd2 Ne5 14.
c3 Qd3 15. f4 Qxe2 16. Bxe2 Nc6 17. e5 Nd5 18. Ne4 Rfd8 19. Bd2 a6 20. Rfd1
Rd7 21. g3 Rad8 22. Be1 Nc7 23. Rxd7 Rxd7 24. Bf2 b6 25. Kg2 f5 26. exf6
gxf6 27. Rd1 Rxd1 28. Bxd1 f5 29. Nd2 b5 30. Bf3 Nb8 31. Nb3 c4 32. Na5 Nd5
33. Nb7 Nd7 34. Bd4 Kf7 35. Bh5+ Kf8 36. Be2 Bf6 37. Bc5+ Be7 38. Bd4 Bf6
39. Bxf6 N7xf6 40. Nc5 Nc7 41. Bf3 Ke7 42. Bb7 a5 43. Bf3 Nfd5 44. Kf2 Kd6
45. Nb7+ Kc6 46. Nd8+ Kc5 47. Ke2 b4 48. Kd2 a4 49. Bxd5 exd5 50. cxb4+
Kxb4 51. Nc6+ Kc5 52. Ne7 a3 53. bxa3 d4 54. Nxf5 Nb5 55. a4 Nc3 56. a5
Ne4+ 57. Kc1 d3 58. a6 Kb6 59. Ne3 c3 60. Nd5+ Ka7 61. f5 c2 62. Nb4 Nxg3
63. Nxd3 Nxf5 64. Kxc2 Kxa6 65. Ne5 Kb5 66. Kd3 Kb4 67. Ke4 Ne7 68. Nd7 Ka3
69. Nf6 h6 70. Ng4 h5 71. Nf6 h4 72. Kf4 Kxa2 73. Kg4 Kb3 74. Kxh4 Kc4 75.
Kg5 Kd4 76. h4 Ke5 77. h5 Ke6 78. h6 Kf7 79. Ne8 Kg8 80. Kf6 Kh7 1/2-1/2

[Event "4NCL 2009-10"]
[Site "Sunningdale ENG"]
[Date "2010.01.17"]
[Round "4"]
[White "Tidman,S"]
[Black "Spencer,C"]
[Result "1/2-1/2"]
[WhiteElo "2110"]
[BlackElo "2136"]
[EventDate "2009.10.24"]

1. e4 e6 2. d4 d5 3. e5 c5 4. c3 Nc6 5. Nf3 Qb6 6. a3 Nh6 7. b4 cxd4 8.
cxd4 Nf5 9. Be3 Be7 10. Bd3 O-O 11. O-O Nxe3 12. fxe3 f6 13. exf6 Rxf6 14.
Nc3 a6 15. Qc2 Rh6 16. Rf2 Bd7 17. Raf1 Bd6 18. g4 Qd8 19. b5 axb5 20. Nxb5
Be7 21. Rg2 Qb6 22. g5 Rh5 23. Qe2 g6 24. h4 e5 25. dxe5 Bh3 26. Nbd4 Bxg2
27. Kxg2 Rxa3 28. Rb1 Nb4 29. Kg3 Qc5 30. Rxb4 Qxb4 31. Nc2 Qc3 32. Nxa3
Bxa3 33. Bb1 Qc5 34. Qd3 Bc1 35. Ba2 Bxe3 36. Bxd5+ Kg7 37. Bxb7 Bf2+ 38.
Kg2 Bxh4 1/2-1/2

[Event "4NCL 2009-10"]
[Site "Sunningdale ENG"]
[Date "2010.01.17"]
[Round "4"]
[White "Morrison,G SCO"]
[Black "Williams,Si1"]
[Result "0-1"]
[WhiteElo "2353"]
[BlackElo "2545"]
[EventDate "2009.10.24"]

1. d4 e6 2. c4 b6 3. a3 g6 4. Nc3 Bg7 5. Nf3 Bb7 6. e4 d6 7. Be2 Nd7 8. O-O
h6 9. Re1 Ne7 10. Bf1 g5 11. h3 Ng6 12. b4 O-O 13. Bb2 c5 14. Qd2 cxd4 15.
Nxd4 Nde5 16. Rac1 g4 17. hxg4 Nxg4 18. g3 h5 19. Be2 Bh6 20. f4 h4 21.
Bxg4 hxg3 22. Nxe6 fxe6 23. Bxe6+ Kh7 24. Nd5 Bxd5 25. Qxd5 Qh4 26. Re2
Bxf4 27. Qb7+ Kh6 28. Qg7+ Kh5 29. Qh7+ Bh6 30. Rd1 Rf2 31. Rd5+ Ne5 32.
Rxe5+ dxe5 33. Bf7+ Kg4 34. Qg6+ Qg5 35. Rxf2 gxf2+ 36. Kxf2 Rf8 37. Ke2
Rxf7 38. Qxf7 Qd2+ 39. Kf1 Qd3+ 40. Kg2 0-1

[Event "4NCL 2009-10"]
[Site "Sunningdale ENG"]
[Date "2010.01.17"]
[Round "4"]
[White "Harakis,A"]
[Black "Piper,M"]
[Result "0-1"]
[WhiteElo "2263"]
[BlackElo "2304"]
[EventDate "2009.10.24"]

1. d4 Nf6 2. c4 e6 3. Nc3 Bb4 4. e3 c5 5. Bd3 Nc6 6. Nge2 cxd4 7. exd4 d5
8. cxd5 Nxd5 9. a3 Bd6 10. Bc2 O-O 11. Qd3 g6 12. Ne4 Be7 13. h4 f5 14. Ng5
Bf6 15. Bb3 Kg7 16. Nf3 h6 17. g4 fxg4 18. h5 Nde7 19. Bxh6+ Kxh6 20. hxg6+
Kg7 21. Rh7+ Kg8 22. Qe4 Qa5+ 23. Nd2 Qf5 24. Qh1 Qxg6 25. Rh6 Qg7 26. Bc2
Nf5 27. Bxf5 exf5 28. Nf4 Ne7 29. Rh5 Bxd4 30. O-O-O Bxb2+ 31. Kb1 Bd7 32.
Nd5 Be6 33. Nxe7+ Qxe7 34. f3 Bg7 0-1

[Event "4NCL 2009-10"]
[Site "Sunningdale ENG"]
[Date "2010.01.17"]
[Round "4"]
[White "Berry,N"]
[Black "Mack,A"]
[Result "1-0"]
[WhiteElo "2301"]
[BlackElo "2237"]
[EventDate "2009.10.24"]

1. d4 Nf6 2. c4 g6 3. Nc3 Bg7 4. e4 d6 5. Nf3 O-O 6. Be2 Na6 7. O-O e5 8.
Be3 Ng4 9. Bg5 Qe8 10. Re1 h6 11. Bh4 exd4 12. Nxd4 Nf6 13. Bf1 Nh7 14. Qd2
Ng5 15. Rad1 Ne6 16. Nf5 g5 17. Bg3 f6 18. Nd5 Kh8 19. h4 Nac5 20. b4 Nd7
21. Nxc7 Nxc7 22. Nxd6 Qe6 23. Nxc8 Ne5 24. Nd6 gxh4 25. Bxh4 Rfd8 26. c5
a5 27. f4 1-0

[Event "4NCL 2009-10"]
[Site "Sunningdale ENG"]
[Date "2010.01.17"]
[Round "4"]
[White "Naylor,J"]
[Black "Rogers,Jo"]
[Result "0-1"]
[WhiteElo "2189"]
[BlackElo "2329"]
[EventDate "2009.10.24"]

1. e4 d5 2. exd5 Nf6 3. d4 Nxd5 4. c4 Nb6 5. Nf3 g6 6. Be2 Bg7 7. Nc3 O-O
8. O-O Nc6 9. Be3 Bg4 10. d5 Bxf3 11. Bxf3 Ne5 12. Bxb6 cxb6 13. Be2 Rc8
14. Qb3 Nd7 15. Rac1 a6 16. Bf3 Ne5 17. Be2 Nd7 18. Bf3 Ne5 19. Be2 Qc7 20.
Ne4 Nd7 21. Rc2 b5 22. c5 Qf4 23. Bf3 Ne5 24. Qe3 Qxe3 25. fxe3 Rfd8 26.
Rd1 Nc4 27. Kf2 Nxb2 28. Rb1 Nc4 29. Rd1 Bh6 30. Rd3 f5 31. Nd2 Rxc5 32.
Nb3 Rcc8 33. Nd4 Ne5 0-1

[Event "4NCL 2009-10"]
[Site "Sunningdale ENG"]
[Date "2010.01.17"]
[Round "4"]
[White "Chapman,T"]
[Black "Rich,M"]
[Result "1/2-1/2"]
[WhiteElo "2222"]
[BlackElo "2151"]
[EventDate "2009.10.24"]

1. Nf3 c5 2. c4 Nc6 3. d4 cxd4 4. Nxd4 Nf6 5. Nc3 g6 6. e4 d6 7. Be2 Bg7 8.
Be3 O-O 9. Qd2 Nxd4 10. Bxd4 Qa5 11. f3 Be6 1/2-1/2

[Event "4NCL 2009-10"]
[Site "Sunningdale ENG"]
[Date "2010.01.17"]
[Round "4"]
[White "Wilson,A"]
[Black "Coleman,D"]
[Result "0-1"]
[WhiteElo "2083"]
[BlackElo "2244"]
[EventDate "2009.10.24"]

1. e4 c5 2. Nf3 d6 3. d4 cxd4 4. Qxd4 a6 5. c4 Nc6 6. Qd2 g6 7. Nc3 Bh6 8.
Qd1 Bg7 9. Be2 Nf6 10. O-O Bg4 11. Be3 O-O 12. h3 Bxf3 13. Bxf3 Rc8 14. Be2
Nd7 15. Rc1 Nc5 16. Qd2 Re8 17. Bh6 Bxh6 18. Qxh6 e6 19. Rfd1 Qe7 20. Rd2
Red8 21. Rcd1 Rc7 22. h4 Rcd7 23. Qg5 a5 24. Qg3 Nb4 25. Bf3 Kg7 26. Nb5
Nxa2 27. Nxd6 Nb3 28. Rd3 Nb4 29. Rxb3 Rxd6 30. Rxd6 Qxd6 31. e5 Qd2 32.
Bxb7 Nd3 33. Bf3 Qe1+ 34. Kh2 h6 35. Rb7 Rd4 36. Bh5 Qxe5 37. Qxe5+ Nxe5
38. Be2 Nxc4 39. Kg3 Nd6 40. Ra7 Nf5+ 41. Kf3 Nxh4+ 42. Ke3 Nf5+ 43. Kf3
Rb4 44. Rxa5 Nd4+ 45. Ke3 Nxe2 46. Kxe2 Rxb2+ 47. Ke3 Kf6 48. g4 g5 49. Rc5
Rb3+ 50. Ke4 Kg6 51. Ra5 Rb4+ 52. Kf3 f5 53. gxf5+ exf5 54. Kg3 Rb3+ 55.
Kg2 f4 56. Ra6+ Kh5 57. Ra5 Kg4 0-1

[Event "4NCL 2009-10"]
[Site "Sunningdale ENG"]
[Date "2010.01.17"]
[Round "4"]
[White "Ynojosa,A"]
[Black "Rice,C"]
[Result "1-0"]
[WhiteElo "1753"]
[BlackElo "2103"]
[EventDate "2009.10.24"]

1. e4 e6 2. d4 d5 3. e5 c5 4. c3 Nc6 5. Nf3 Nh6 6. a3 f6 7. Bxh6 gxh6 8.
Bb5 Bd7 9. Nbd2 cxd4 10. Bxc6 bxc6 11. cxd4 Bg7 12. exf6 Bxf6 13. Ne5 O-O
14. Ndf3 c5 15. dxc5 Bb5 16. a4 Ba6 17. Qd4 Qc7 18. b4 Bc4 19. Rb1 Bg7 20.
Qg4 Kh8 21. Qg3 1-0

[Event "4NCL 2009-10"]
[Site "Sunningdale ENG"]
[Date "2010.01.17"]
[Round "4"]
[White "Donovan,N"]
[Black "Regan,N"]
[Result "1/2-1/2"]
[WhiteElo "2059"]
[BlackElo "2170"]
[EventDate "2009.10.24"]

1. e4 Nf6 2. e5 Nd5 3. Nc3 Nxc3 4. dxc3 d6 5. Nf3 Bg4 6. h3 Bh5 7. g4 Bg6
8. Bg2 Nc6 9. Nd4 Nxd4 10. cxd4 c6 11. exd6 Qxd6 12. c3 e6 13. Qf3 Qd5 14.
O-O Qxf3 15. Bxf3 h5 16. Bf4 O-O-O 17. Kg2 Bd6 18. Bxd6 Rxd6 19. Rad1 a5
20. Rfe1 hxg4 21. hxg4 Kc7 22. Re5 Ra8 23. Rde1 a4 24. a3 Bc2 25. Rc1 Bb3
26. Rh1 Rd7 27. Rh7 f6 28. Re2 Ra5 1/2-1/2

[Event "4NCL 2009-10"]
[Site "Sunningdale ENG"]
[Date "2010.01.17"]
[Round "4"]
[White "Parker,J"]
[Black "Kosten,A"]
[Result "1-0"]
[WhiteElo "2523"]
[BlackElo "2497"]
[EventDate "2009.10.24"]

1. d4 Nf6 2. c4 e6 3. Nf3 b6 4. Nc3 Bb4 5. Bg5 Bb7 6. e3 h6 7. Bh4 g5 8.
Bg3 Ne4 9. Qc2 Bxc3+ 10. bxc3 d6 11. Bd3 Nxg3 12. fxg3 g4 13. Nh4 Qg5 14.
Qe2 Nd7 15. O-O Rf8 16. Rf4 h5 17. Raf1 Qg7 18. a4 a5 19. Qf2 f5 20. c5
dxc5 21. Qa2 Bd5 22. Bc4 c6 23. Bxd5 cxd5 24. c4 cxd4 25. cxd5 e5 26. Nxf5
Qf6 27. R4f2 dxe3 28. Nxe3 Qd6 29. Qc2 Rxf2 30. Rxf2 Kd8 31. Qc6 Qxc6 32.
dxc6 Rc8 33. cxd7 Kxd7 34. Rd2+ Ke6 35. Rb2 Rc6 36. Kf2 Kd6 37. Ke2 Rc3 38.
Kd2 1-0

[Event "4NCL 2009-10"]
[Site "Sunningdale ENG"]
[Date "2010.01.17"]
[Round "4"]
[White "King,D"]
[Black "D'Costa,L"]
[Result "1/2-1/2"]
[WhiteElo "2494"]
[BlackElo "2479"]
[EventDate "2009.10.24"]

1. e4 c5 2. Nf3 d6 3. c3 Nf6 4. h3 g6 5. Bd3 Bg7 6. Bc2 O-O 7. d4 cxd4 8.
cxd4 Nc6 9. O-O Nb4 10. Bb3 d5 11. e5 Ne4 12. Nc3 Nxc3 13. bxc3 Nc6 14. a4
Na5 15. Ba2 h6 16. Nh2 Be6 17. Ng4 Kh7 18. f4 Rc8 19. Bd2 Bf5 20. Ne3 Bd3
21. f5 Nc4 22. Bxc4 dxc4 23. Rf2 Rc6 24. Qg4 Qc8 25. Qh4 gxf5 26. Qxe7 f6
27. exf6 Rfxf6 28. Nd5 Rfe6 29. Qh4 Re4 30. Qh5 Re8 31. Nf4 Be4 32. Re1 Rf8
33. d5 Rd6 34. Ne6 Rxe6 35. dxe6 Qxe6 36. Qh4 Rf6 37. Kh2 Rg6 38. Rc1 Bf6
39. Qh5 Qg8 40. g3 Be5 41. Rg1 Qg7 42. Bf4 Bxf4 43. Rxf4 Qxc3 44. Qe2 Rb6
45. Rxe4 fxe4 46. Qxe4+ Rg6 47. Qxb7+ Qg7 48. Qf3 Qf6 49. Qe3 Qf7 50. Re1
Rf6 51. Re2 a6 52. h4 Qd5 53. Rd2 Qe6 54. Qd4 Rf7 55. Rc2 Rd7 56. Qf4 Rf7
57. Qd4 Rd7 58. Qf4 1/2-1/2

[Event "4NCL 2009-10"]
[Site "Sunningdale ENG"]
[Date "2010.01.17"]
[Round "4"]
[White "Turner,Ma"]
[Black "Conquest,S"]
[Result "1-0"]
[WhiteElo "2508"]
[BlackElo "2563"]
[EventDate "2009.10.24"]

1. e4 c5 2. Nf3 d6 3. c3 Nf6 4. Bd3 Bg4 5. h3 Bh5 6. Bc2 Nc6 7. d3 e6 8.
Nbd2 Be7 9. Nf1 b5 10. Ng3 Bg6 11. O-O Rc8 12. Nh4 Nd7 13. Nhf5 exf5 14.
exf5 d5 15. fxg6 hxg6 16. Ne2 Kf8 17. d4 cxd4 18. Nxd4 Nxd4 19. Qxd4 Nb6
20. Qd3 Qd7 21. Rd1 Rh5 22. Bb3 Qc6 23. Be3 Rd8 24. Qe2 Re5 25. Qg4 Rh5 26.
Rd2 a5 27. Rad1 Bc5 28. Bg5 Re8 29. h4 a4 30. Bxd5 Nxd5 31. Rxd5 f6 32. Qf3
Kg8 33. g4 Rh8 34. Bf4 Rxh4 35. Bg3 Rh8 36. Kg2 Be7 37. Rd7 Qe6 38. Rb7 f5
39. Qd5 Qxd5+ 40. Rxd5 b4 41. Re5 Kf7 42. Re2 a3 43. bxa3 bxa3 44. Bd6 1-0

[Event "4NCL 2009-10"]
[Site "Sunningdale ENG"]
[Date "2010.01.17"]
[Round "4"]
[White "Berzinsh,R"]
[Black "Collins,S IRL"]
[Result "0-1"]
[WhiteElo "2424"]
[BlackElo "2431"]
[EventDate "2009.10.24"]

1. e4 e5 2. Nf3 Nc6 3. Bc4 Bc5 4. c3 Nf6 5. d3 a6 6. Bb3 Ba7 7. h3 h6 8.
Nbd2 O-O 9. Nf1 d5 10. Qe2 Be6 11. Bc2 b5 12. N3h2 d4 13. f4 exf4 14. Bxf4
dxc3 15. bxc3 b4 16. Ba4 Bd7 17. Rc1 bxc3 18. Bxc6 Bxc6 19. Rxc3 Bb5 20.
Nf3 Re8 21. Bxc7 Qe7 22. Be5 Qb4 23. Qd2 Nxe4 24. dxe4 Rad8 25. Qf4 Rxe5
26. Qxe5 Qb1+ 0-1

[Event "4NCL 2009-10"]
[Site "Sunningdale ENG"]
[Date "2010.01.17"]
[Round "4"]
[White "Cox,JohnJ"]
[Black "Buckley,G"]
[Result "1-0"]
[WhiteElo "2378"]
[BlackElo "2388"]
[EventDate "2009.10.24"]

1. c4 e6 2. Nf3 Nf6 3. g3 d5 4. b3 Be7 5. Bg2 c5 6. O-O Nc6 7. e3 O-O 8.
Bb2 b6 9. Nc3 Bb7 10. cxd5 exd5 11. d4 Ne4 12. dxc5 Bf6 13. Nd4 Nxd4 14.
Nxe4 Nf3+ 15. Bxf3 Bxb2 16. Nd6 Bc6 17. Rb1 bxc5 18. Bxd5 Bxd5 19. Qxd5 Ba3
20. Rfd1 Bb4 21. Qc4 Qe7 22. Rd5 Rab8 23. Rbd1 h6 24. e4 Ba3 25. e5 Qe6 26.
Kg2 h5 27. Qe4 Bb4 28. R1d3 Rbd8 29. f4 f5 30. exf6 Qxf6 31. Rxh5 Rxd6 32.
Qh7+ Kf7 33. Rf5 Rxd3 34. Rxf6+ Kxf6 35. Qxd3 1-0

[Event "4NCL 2009-10"]
[Site "Sunningdale ENG"]
[Date "2010.01.17"]
[Round "4"]
[White "Povah,N"]
[Black "Devereaux,M"]
[Result "1-0"]
[WhiteElo "2336"]
[BlackElo "2387"]
[EventDate "2009.10.24"]

1. d4 Nf6 2. Nf3 d5 3. e3 c6 4. Bd3 Bg4 5. b3 e6 6. O-O Nbd7 7. Bb2 Bd6 8.
h3 Bh5 9. Nbd2 Qe7 10. Qc1 Bxf3 11. Nxf3 Ne4 12. Bxe4 dxe4 13. Ne5 Qg5 14.
Nc4 Be7 15. Ba3 O-O 16. Nd6 Bxd6 17. Bxd6 Rfe8 18. c4 e5 19. d5 f5 20. Rd1
Rac8 21. dxc6 Rxc6 22. c5 Qg6 23. b4 Qf7 24. b5 Rcc8 25. Qa3 f4 26. Qxa7
Nf6 27. Qa3 f3 28. Qb3 Re6 29. g3 Nd7 30. Rac1 Kh8 31. c6 bxc6 32. bxc6 Nc5
33. Rxc5 Qf5 34. g4 Rg6 35. Kf1 Qg5 36. Rxe5 Qh4 37. Rh5 Qd8 38. c7 Qf6 39.
Bg3 Qa6+ 40. Kg1 Re6 41. Qxe6 1-0

[Event "4NCL 2009-10"]
[Site "Sunningdale ENG"]
[Date "2010.01.17"]
[Round "4"]
[White "Knott,S"]
[Black "Wall,G"]
[Result "0-1"]
[WhiteElo "2348"]
[BlackElo "2296"]
[EventDate "2009.10.24"]

1. Nf3 d6 2. d4 f5 3. g3 Nf6 4. Bg2 g6 5. O-O Bg7 6. c4 O-O 7. Nc3 Qe8 8.
d5 Na6 9. Rb1 c5 10. dxc6 bxc6 11. b4 Bd7 12. a3 Nc7 13. Bb2 Rd8 14. e3 a6
15. Na4 c5 16. Nb6 Bc6 17. Ne1 e5 18. bxc5 dxc5 19. Qc2 e4 20. a4 Ng4 21.
Bxg7 Kxg7 22. Rd1 Qe5 23. a5 Ne6 24. Nd5 Bxd5 25. cxd5 Rxd5 26. Rxd5 Qxd5
27. Qc3+ Nf6 28. f3 Kh6 29. fxe4 Nxe4 30. Bxe4 Qxe4 31. Nf3 Re8 32. Nd2 Qb4
33. Qc1 Ng5 34. e4 Qd4+ 35. Kg2 Kg7 36. Rf4 Nxe4 37. Nxe4 Rxe4 38. Qb1 Rxf4
39. Qb7+ Kh6 40. gxf4 Qe4+ 0-1

[Event "4NCL 2009-10"]
[Site "Sunningdale ENG"]
[Date "2010.01.17"]
[Round "4"]
[White "Grigoryan Lyell,M"]
[Black "Lauterbach,I"]
[Result "0-1"]
[WhiteElo "2122"]
[BlackElo "2163"]
[EventDate "2009.10.24"]

1. d4 d6 2. e4 Nf6 3. Bd3 g6 4. c4 Nc6 5. Ne2 Bg7 6. Nbc3 O-O 7. h3 e5 8.
d5 Ne7 9. Bg5 Nd7 10. g4 f6 11. Bh4 a5 12. Qd2 Nc5 13. Bc2 Bd7 14. f3 Qe8
15. Rg1 Kh8 16. O-O-O Na4 17. Bf2 Nxc3 18. Nxc3 Rf7 19. h4 Qf8 20. Be3 Ng8
21. Rdf1 Bh6 22. g5 Bg7 23. h5 fxg5 24. hxg6 Rxf3 25. Rxf3 Qxf3 26. Bd1 Qh3
27. gxh7 Nf6 28. Bxg5 Nxh7 29. Be3 Rf8 30. Qe1 Bh6 31. Bxh6 Qxh6+ 32. Kb1
Qf4 33. Be2 Qf2 34. Qd1 Qe3 35. Rf1 Rxf1 36. Qxf1 Kg7 37. Qg2+ Ng5 38. Kc2
Bh3 39. Qh1 Qf2 40. Kd2 Kg6 41. Nd1 Qd4+ 42. Bd3 Bg4 43. Nc3 Qf2+ 44. Kc1
Qe3+ 45. Kc2 Nf3 46. Qf1 Ne1+ 47. Kb3 Nxd3 48. Qf8 Nc5+ 49. Ka3 Nd7 50.
Qe8+ Kg7 51. Qe7+ Kg6 52. Qe8+ Kh6 53. Qh8+ Kg5 54. Qd8+ Kf4 55. Qxc7 Qc5+
56. Qxc5 Nxc5 57. Nb5 Nxe4 58. b4 axb4+ 59. Kxb4 Bd7 60. a4 Bxb5 61. cxb5
Nc5 0-1

[Event "4NCL 2009-10"]
[Site "Sunningdale ENG"]
[Date "2010.01.17"]
[Round "4"]
[White "Wells,P"]
[Black "Greet,A"]
[Result "0-1"]
[WhiteElo "2489"]
[BlackElo "2431"]
[EventDate "2009.10.24"]

1. Nf3 Nf6 2. c4 e6 3. g3 d5 4. d4 Bb4+ 5. Nbd2 dxc4 6. Bg2 b5 7. O-O a5 8.
Qc2 a4 9. Ne4 Bb7 10. Nxf6+ Qxf6 11. e4 Nd7 12. a3 Ba5 13. Be3 Qe7 14. Rad1
O-O 15. h4 Rad8 16. h5 h6 17. Nh4 Nf6 18. e5 Nd5 19. Bc1 Bb6 20. Qe2 c5 21.
dxc5 Bxc5 22. Be4 Qc7 23. Bxh6 gxh6 24. Qg4+ Kh8 25. Rxd5 Bxd5 26. Qf4 Bxe4
27. Qxh6+ Kg8 0-1

[Event "4NCL 2009-10"]
[Site "Sunningdale ENG"]
[Date "2010.01.17"]
[Round "4"]
[White "Houska,Jo"]
[Black "McNab,C"]
[Result "1/2-1/2"]
[WhiteElo "2381"]
[BlackElo "2466"]
[EventDate "2009.10.24"]

1. d4 d6 2. Nf3 g6 3. c4 Bg7 4. g3 Nf6 5. Bg2 O-O 6. O-O c6 7. b3 Qa5 8.
Bb2 Qh5 9. Nbd2 Bh3 10. e4 Nbd7 11. Re1 e5 12. Nxe5 Nxe5 13. Qxh5 Nxh5 14.
dxe5 Bxg2 15. Kxg2 Bxe5 16. Rab1 Rfe8 17. Nf3 Bxb2 18. Rxb2 Nf6 19. Rbe2 a5
20. e5 1/2-1/2

[Event "4NCL 2009-10"]
[Site "Sunningdale ENG"]
[Date "2010.01.17"]
[Round "4"]
[White "Palliser,R"]
[Black "Hanley,C"]
[Result "0-1"]
[WhiteElo "2435"]
[BlackElo "2429"]
[EventDate "2009.10.24"]

1. d4 Nf6 2. c4 e6 3. Nc3 Bb4 4. f3 d5 5. a3 Bxc3+ 6. bxc3 c5 7. cxd5 Nxd5
8. dxc5 Qa5 9. e4 Ne7 10. Be3 O-O 11. Qb3 Nec6 12. a4 Qc7 13. f4 Na5 14.
Qa3 b6 15. Nf3 Nd7 16. cxb6 axb6 17. Qb4 Bb7 18. Bb5 Nc5 19. Nd2 Nc6 20.
Qb1 Na7 21. Be2 Nc8 22. a5 bxa5 23. O-O Nd6 24. Bf3 Rfb8 25. Qc2 a4 26.
Rfb1 Nb3 27. Ra3 Nxd2 0-1

[Event "4NCL 2009-10"]
[Site "Sunningdale ENG"]
[Date "2010.01.17"]
[Round "4"]
[White "Pert,R"]
[Black "Van de Griendt,JW"]
[Result "1-0"]
[WhiteElo "2457"]
[BlackElo "2352"]
[EventDate "2009.10.24"]

1. d4 e6 2. Nf3 c5 3. e3 d5 4. c4 Nf6 5. cxd5 exd5 6. Bb5+ Bd7 7. Bxd7+
Nbxd7 8. dxc5 Nxc5 9. O-O Be7 10. Bd2 O-O 11. Bc3 Qd7 12. Bd4 Rfd8 13. Nc3
Rac8 14. Rc1 b6 15. h3 h6 16. Qe2 Nfe4 17. Rfd1 Qb7 18. Be5 Bf8 19. Qf1 Kh8
20. Nb5 f6 21. Bh2 Na4 22. Qe2 Rc5 23. Nbd4 Rdc8 24. Rb1 b5 25. Nh4 Qf7 26.
f3 Ng5 27. Qd3 a6 28. Ng6+ Kg8 29. Nxf8 Rxf8 30. Bd6 Rfc8 31. Bxc5 Nxc5 32.
Qf5 Re8 33. Rbc1 g6 34. Qf4 Nce6 35. Nxe6 Qxe6 36. h4 Nf7 37. Rc5 1-0

[Event "4NCL 2009-10"]
[Site "Sunningdale ENG"]
[Date "2010.01.17"]
[Round "4"]
[White "Buckley,Si"]
[Black "Martin,Andrew"]
[Result "1/2-1/2"]
[WhiteElo "2348"]
[BlackElo "2423"]
[EventDate "2009.10.24"]

1. c4 Nf6 2. Nc3 e5 3. d3 Nc6 4. g3 d5 5. cxd5 Nxd5 6. Bg2 Nb6 7. Nf3 Be7
8. O-O O-O 9. a3 Be6 10. b4 f6 11. Bb2 Qd7 12. Ne4 Rad8 1/2-1/2

[Event "4NCL 2009-10"]
[Site "Sunningdale ENG"]
[Date "2010.01.17"]
[Round "4"]
[White "McDonald,N"]
[Black "Barrett,S"]
[Result "1-0"]
[WhiteElo "2412"]
[BlackElo "2212"]
[EventDate "2009.10.24"]

1. e4 c5 2. Nf3 e6 3. d4 cxd4 4. Nxd4 Nf6 5. Nc3 d6 6. Be2 Be7 7. O-O Nc6
8. Be3 O-O 9. f4 Bd7 10. Ndb5 Qb8 11. a4 Rd8 12. Bf3 Na5 13. Qe2 a6 14. Na3
Qc7 15. Qf2 Nc4 16. Nxc4 Qxc4 17. Bb6 d5 18. exd5 exd5 19. Rad1 Bf5 20.
Bxd8 Rxd8 21. Kh1 d4 22. Qe2 Qb4 23. Ne4 Rc8 24. c3 dxc3 25. Nxc3 Bf8 26.
Qd2 h6 27. Rfe1 Be6 28. g3 Bb3 29. Ra1 Rc7 30. Qg2 Rd7 31. Re2 Qd4 32. Rae1
Bb4 33. Bxb7 Nd5 34. Rd2 Qc5 35. Re8+ Kh7 36. Qe4+ g6 37. Qe5 f6 1-0

[Event "4NCL 2009-10"]
[Site "Sunningdale ENG"]
[Date "2010.01.17"]
[Round "4"]
[White "Gayson,P"]
[Black "Sowray,P"]
[Result "0-1"]
[WhiteElo "2240"]
[BlackElo "2318"]
[EventDate "2009.10.24"]

1. e4 c5 2. Nf3 d6 3. d4 cxd4 4. Nxd4 Nf6 5. Nc3 a6 6. f4 e5 7. Nf3 Nbd7 8.
a4 Be7 9. Bd3 O-O 10. O-O Nc5 11. Kh1 exf4 12. Bxf4 Bg4 13. Qd2 Rc8 14. h3
Bh5 15. Nh4 Nxd3 16. Qxd3 d5 17. exd5 Nxd5 18. Qxd5 Qxd5 19. Nxd5 Bxh4 20.
g3 Bd8 21. Bd6 Re8 22. Nf4 Be2 23. Rf2 Bc4 24. b3 Bb6 25. Rd2 Be3 26. Rdd1
Bxf4 27. Bxf4 Be6 28. c4 Bxh3 29. Re1 Be6 30. Rad1 h6 31. Kg1 g5 32. Be3
Kh7 33. Bb6 Bg4 34. Rxe8 Rxe8 35. Rd3 Re2 36. b4 Ra2 37. a5 Rb2 38. Bc5 Be6
39. Rc3 Kg6 40. Bf8 h5 41. Rd3 Kf5 42. Rd4 Ke5 43. Rd6 Bxc4 44. Bg7+ Kxd6
45. Bxb2 Ke6 46. Bg7 Kf5 47. Kg2 Kg4 48. Bf6 Bd5+ 49. Kf2 Bc6 50. Kg1 h4
51. gxh4 Kxh4 52. Kf2 Kh5 53. Ke3 Kg6 54. Bd8 f5 55. Kd4 Kh5 56. Ke5 Kg4
57. Kd4 f4 58. Kd3 Kf5 59. Ke2 g4 60. Bc7 g3 61. Kf1 Kg4 62. Kg1 f3 0-1

[Event "4NCL 2009-10"]
[Site "Sunningdale ENG"]
[Date "2010.01.17"]
[Round "4"]
[White "Tiller,B"]
[Black "Fidalgo Fernandez,L"]
[Result "1-0"]
[WhiteElo "2378"]
[BlackElo "2115"]
[EventDate "2009.10.24"]

1. b4 d5 2. Bb2 Bf5 3. e3 e6 4. c4 c6 5. Nf3 Nf6 6. a3 a5 7. b5 cxb5 8.
cxb5 Nbd7 9. a4 Rc8 10. Nc3 Bb4 11. Rc1 Nc5 12. Na2 O-O 13. Bc3 Ba3 14. Ra1
Nfe4 15. Bd4 f6 16. d3 Nd6 17. Be2 e5 18. Bxc5 Bxc5 19. d4 exd4 20. Nxd4
Bxd4 21. Qxd4 Ne4 22. O-O Nc5 23. Nc3 Nb3 24. Qxd5+ Qxd5 25. Nxd5 Nxa1 26.
Ne7+ Kh8 27. Nxc8 Rxc8 28. Rxa1 Kg8 29. Bf3 b6 30. g4 Be6 31. Rd1 Kf8 32.
Rd6 Bb3 33. Rxb6 Bxa4 34. Kg2 Bb3 35. Ra6 Bc4 36. Rxa5 Rb8 37. Bc6 Ke7 38.
Kg3 Ke6 39. h4 Kd6 40. Ra7 Rg8 41. Rb7 Kc5 42. h5 Bd3 43. f4 Be2 44. e4 Bc4
45. Kf3 Be6 46. f5 Bc4 47. h6 gxh6 48. Rxh7 Bb3 49. Rxh6 1-0

[Event "4NCL 2009-10"]
[Site "Sunningdale ENG"]
[Date "2010.01.17"]
[Round "4"]
[White "Hunt,A"]
[Black "Slaby,Je"]
[Result "0-1"]
[WhiteElo "2422"]
[BlackElo "2463"]
[EventDate "2009.10.24"]

1. e4 Nf6 2. e5 Nd5 3. d4 d6 4. Nf3 Nb6 5. Bd3 g6 6. O-O Bg7 7. exd6 cxd6
8. c3 O-O 9. Bg5 Qc7 10. Re1 e5 11. a4 Be6 12. Na3 a6 13. a5 N6d7 14. Nc2
h6 15. Bd2 Nc6 16. b4 f5 17. Bf1 Bf7 18. h3 e4 19. Nh2 d5 20. Qc1 Kh7 21.
f4 Nf6 22. Be2 Na7 23. Nf1 Ne8 24. Nfe3 Nd6 25. Rf1 Nab5 26. Na3 Qc6 27.
Nxb5 Nxb5 28. Qc2 Rac8 29. Rac1 Be6 30. Qb3 Rf7 31. Nd1 Rfc7 32. Nb2 Qd7
33. Bxb5 axb5 34. Rce1 Bf6 35. Nd1 g5 36. Re2 Rg8 37. Kh1 g4 38. Re3 Qe8
39. g3 gxh3 40. Nf2 Rcg7 41. Rg1 h5 42. Nxh3 h4 43. Qd1 Bf7 44. Qe1 Bh5 45.
gxh4 Rxg1+ 46. Nxg1 Bg4 47. Qf2 Qh5 48. Be1 Rg6 49. Kh2 Rh6 50. Nh3 Qg6 51.
Qf1 Bxh4 52. Bxh4 Rxh4 53. Qxb5 Bxh3 54. Qxb7+ Kh6 55. Rxh3 Rxh3+ 56. Kxh3
Qg4+ 57. Kh2 Qxf4+ 58. Kg2 Qf3+ 59. Kh2 e3 60. Qe7 Qf4+ 61. Kg2 Qg4+ 62.
Kf1 Qf3+ 63. Kg1 Qf2+ 64. Kh1 e2 0-1

[Event "4NCL 2009-10"]
[Site "Sunningdale ENG"]
[Date "2010.01.17"]
[Round "4"]
[White "Slavin,A"]
[Black "Ledger,A"]
[Result "1/2-1/2"]
[WhiteElo "2331"]
[BlackElo "2431"]
[EventDate "2009.10.24"]

1. d4 d5 2. Nf3 Nf6 3. c4 c6 4. e3 Bg4 5. Qb3 Qb6 6. Nh4 Be6 7. Nc3 dxc4 8.
Bxc4 Bxc4 9. Qxc4 e6 10. Nf3 Qa6 11. Qxa6 Nxa6 12. Bd2 c5 13. Ke2 Be7 14.
Rhc1 O-O 15. Nb5 Ne4 16. Be1 Rfd8 17. Rc4 Nd6 18. Nxd6 Bxd6 19. dxc5 Bxc5
20. Rac1 Be7 21. a4 Kf8 22. b4 Bd6 23. b5 Nb8 24. Rd1 Ke7 25. Rcd4 Bc7 26.
Rxd8 Bxd8 27. Bc3 Nd7 28. Bxg7 f6 29. Rc1 Nb6 30. a5 Nd5 31. a6 bxa6 32.
bxa6 Bb6 33. Bh6 Nb4 34. Ra1 Rc8 35. e4 Rc4 36. Nd2 Rc6 37. Ra4 Nc2 38. Nc4
e5 39. Bd2 Nd4+ 40. Kd3 Nb3 41. Bb4+ Ke6 42. Nxb6 Rxb6 43. Kc4 Nd4 44. Ra2
Rc6+ 45. Kd3 Nb5 46. Ra5 Nc7 47. Bc5 Rxa6 48. Rxa6+ Nxa6 49. Bxa7 Nb4+ 50.
Ke3 f5 51. Bc5 Na6 52. Ba3 Nc7 53. f3 fxe4 54. fxe4 Kf6 55. Kf3 Ne6 56. Bb2
Ng5+ 57. Ke3 Nf7 58. Bc1 h5 59. Kf3 Nd6 60. h3 Kg6 61. Ba3 Ne8 62. Be7 Kf7
63. Bd8 Kg6 64. Be7 Kf7 65. Bc5 Kg6 66. Ba7 Nd6 67. Bb8 Nf7 68. Bc7 Kf6 69.
Kg3 Kg6 70. Kf3 Ng5+ 71. Ke3 Nf7 72. Ba5 Kf6 73. Bb4 Ke6 74. Bf8 Kf6 75.
Ba3 Ke6 76. Bb4 Kf6 77. Kd3 Ke6 78. Bf8 Kf6 79. Ba3 Ke6 80. Bb4 Kf6 81. Kc4
Ke6 82. h4 Nh6 1/2-1/2